000 01659cam a22004577i 4500
999 _c233346
_d233346
001 18209727
003 Nust
005 20170307103652.0
008 140702s2014 ne a b 001 0 eng d
010 _a 2014395566
015 _aGBB412493
_2bnb
016 7 _a016620587
_2Uk
020 _a9780123852458 (pbk.)
020 _a0123852455 (pbk.)
020 _z9780123854612 (PDF ebook)
035 _a(OCoLC)ocn870424852
040 _cASAB
042 _alccopycat
050 0 0 _aQR186
_b.M35 2014
060 4 _aQW 504 M235p 2014
082 0 4 _a616.079 MAK
_223
100 1 _aMak, Tak W.,
_d1945-
_eauthor.
245 1 0 _aPrimer to The immune response.
250 _a2nd edition /
_bTak W. Mak, Mary E. Saunders, Bradley D. Jett ; contributors: Wendy L. Tamminen, Maya R. Chaddah.
264 1 _aAmsterdam ;
_aBoston :
_bElsevier/AP Cell, AP Cell is an imprint of Elsevier,
_c2014.
300 _axxvii, 674 pages :
_bcolor illustrations ;
_c28 cm
336 _atext
_btxt
_2rdacontent
336 _astill image
_bsti
_2rdacontent
337 _aunmediated
_bn
_2rdamedia
338 _avolume
_bnc
_2rdacarrier
500 _aPrevious edition: 2008.
504 _aIncludes bibliographical references and index.
650 0 _aImmune response.
650 0 _aImmunology.
650 2 _aImmune System.
650 2 _aImmune System Diseases.
650 2 _aImmunity.
700 1 _aSaunders, Mary E.
_c(Scientific editor),
_eauthor.
700 1 _aJett, Bradley D.,
_eauthor.
906 _a7
_bcbc
_ccopycat
_d2
_encip
_f20
_gy-gencatlg
942 _2ddc
_cBK